Law of the Indian constitution of human rights / (Record no. 759176)

MARC details
000 -LEADER
fixed length control field 00365nam a2200133 4500
020 ## - INTERNATIONAL STANDARD BOOK NUMBER
ISBN 9789381991732
082 ## - DEWEY DECIMAL CLASSIFICATION NUMBER
Classification number 342.54085
Item number SEN.L
084 ## - OTHER CLASSIFICATION NUMBER
Source of Number Colon Classification
245 ## - TITLE STATEMENT
Title Law of the Indian constitution of human rights /
Statement of responsibility, etc Sen, A K
260 ## - PUBLICATION, DISTRIBUTION, ETC. (IMPRINT)
Place of publication New Delhi :
Name of publisher Swastik publications,
Year of publication 2024.
300 ## - PHYSICAL DESCRIPTION
Number of Pages 248p.
942 ## - ADDED ENTRY ELEMENTS (KOHA)
Source of classification or shelving scheme Dewey Decimal Classification
Koha item type Book

No items available.